000 00616nam a2200217Ia 4500
005 20250508160958.0
008 008 250505s9999 xx 000 0 eng d
020 _a92-3-101017-4
037 _aTextBook
040 _aFEDL
_beng
_cFEDL
041 _aeng
_2eng
084 _a371.3, UNE
_qFEDL
100 _aFaure Edgar and others
_9769806
245 0 _aLearning to be : The world of education today and tommorrow
245 0 _cUNESCO
260 _aDelhi, India
_bSterling Publishers
_c1973
300 _axlviii,313p
365 _aINR
_b20
942 _cTB
_h371.3, UNE
999 _c1367728
_d1367728